000 00858nam0a2200289 4500
001 RU\NLR\bibl\402381
005 20250622164457.0
010 _a5-17-017061-0
_916000
021 _aRU
_b2003-14237
_9664
035 _a(NLR Aleph) 000396531
090 _a548448
_c548448
100 _a20030526d2003 |||y0rusy50 ca
101 0 _arus
102 _aRU
105 _ay |||||||||
200 1 _aЛеди и Лев
_e[Роман]
_fСинтия Керк
_g[Пер. с англ. А.И. Авдиевой]
210 _aМ.
_cАСТ
_d2003
215 _a318 с.
_d17
225 1 _aМини-Шарм
225 1 _aОчарование
_vВып. 356
686 _aШ6(7США)67-440.4{Лх1979-50}
700 1 _aКерк
_bС.
_gСинтия
_4070
801 0 _aRU
_bNLR
_c20030526
_gPSBO
801 1 _aRU
_bNLR
_c20030526
942 _cBOOK
980 _aNB